000 00346nam a2200133Ia 4500
008 151001s9999||||xx |||||||||||||| ||und||
100 _aमोहन रणसिंग
245 _aहृद्यतरंग
250 _a1
260 _bअर्चना अ ठाकूर
260 _c1992
300 _a73
365 _b21
999 _c970585
_d970582